Interacció 94 : Universitat d'Estiu de Política i Gestió Culturals : Barcelona, del 12 al 16 de setembre 1994 Universitat d'Estiu de Política i Gestió Culturals :
ISBN:
84-7794-360-5
Descripción Física:
237, [15] p. ; 24 cm
MARC
| LEADER | 00000nam a2200000Ia 4500 | ||
|---|---|---|---|
| 001 | 11002 | ||
| 003 | BGR | ||
| 005 | 20260324175342.0 | ||
| 008 | 160829s9999 xx 000 0 cat d | ||
| 020 | |a 84-7794-360-5 | ||
| 080 | |a E-1-164 | ||
| 111 | |a Interacció |9 71067 |c (Barcelona : |d 1994) | ||
| 245 | |a Interacció 94 : |b Universitat d'Estiu de Política i Gestió Culturals : |b Barcelona, del 12 al 16 de setembre 1994 | ||
| 260 | |a Barcelona : |b Diputació de Barcelona, Àrea de Cultura [i] Àrea d'Educació, DL 1995 | ||
| 300 | |a 237, [15] p. ; |c 24 cm | ||
| 650 | |a Gestió cultural |x Espanya |x Congressos |9 28527 | ||
| 650 | 0 | |a Congressos i conferències |9 48301 | |
| 651 | 0 | |a Catalunya |x Política cultural |9 53685 | |
| 710 | |a Barcelona (Catalunya : Província). |b Àrea d'Educació |9 8009 | ||
| 710 | 1 | |a Barcelona (Catalunya : Província). |b Àrea de Cultura |9 53536 | |
| 901 | |a Arxiu | ||
| 942 | |n 1 |2 udc |c JC | ||
| 952 | |0 0 |1 0 |4 0 |6 E1164 |7 1 |9 44852 |a Arxiu |b Arxiu |d 2016-12-01 |l 0 |o E-1-164 |p 11002 |r 2016-12-01 00:00:00 |w 2016-12-01 |y ARXIU | ||
| 999 | |c 47450 |d 47450 | ||